000 01007na a2200289 4500
001 14836
003 MIRAKIL
005 20181213155211.0
008 160918b tu 000 0
020 _a9786056454004
035 _a14836
040 _aMilas
_btur
_cTR-AnCHP
082 _aCHP 324.2172
_bG96 2014
090 _aCHP 324.2172 G96 2014
130 _aGürsel Tekin ne dedi?
245 _aBir siyasetçinin siyaset kronolojisi
_b2013 : Gürsel Tekin ne dedi?
_caraştıran ve hazırlayan Yeşim Özbirinci
250 _a2. bs.
260 _aİstanbul
_bOdak internet teknolojileri ve iletişim hizmetleri
_c2013
300 _a136 s.
_bres.
_c20 sm.
504 _aDizin var.
600 _aTekin, Gürsel
_cCHP Milletvekili
_xSöylev ve demeçler
_yKronoloji
610 _aCHP
_xMilletvekilleri
_ySöylev ve demeçler
650 _aTürk siyasetçiler
_xSöylev ve demeçler
_yKronoloji
651 _aTürkiye
_xSiyaset ve yönetim
_yKronoloji
700 _aÖzbirinci,Yeşim
942 _2ddc
_cBKS
999 _c8418
_d8418